1733 1785 1016 1473 1526 1614 1752 1120 1075 1868 1755 1594 1955 1850 1822 1420 1761 1816 1751 1041 1271 1721 1856 1905 1829 1749 1609 1543 1166 1352 1036 1543 1977 1575 1647 1003 1272 1941 1566 1058 1619 1978 1150 1791 1914 1306 1916 1748 1207 1619 1939 1772 1347 1337 1558 1306 1204 1404 1806 1672 1339 1670 1827 1146 1740 1888 1387 1889 1371 1647 1622 1106 1237 1180 1706 1763 1831 1298 1850 1691 1209 1267 1237 1331 1381 1539 1931 1830 1155 1211 1863 1906 1407 1350 1648 1846 1619 1454 1268 BCNSPRNW ULIB Ver.6.0+V

เปลี่ยนเป็นภาษาไทย

Change to English
 แสดงรายละเอียดบรรณานุกรม
  กลับหน้าหลัก

Brief Record : Get Marc (ISO 2709) : E-mail record : QR code < ปิดหน้าต่าง
LEADER : 00000nam 2200000uu 4500
001    13399109431
003     ULIB
008    110401s2552||||th 000 0 tha d
020    9789742359218
060 04 WB105^bอ881C 2552
245 00 Critical care :^btowards optimal perfection /^cบรรณาธิการ,เอกรินทร์ ภูมิพิเชฐ, ไชยรัตน์ เพิ่มพิกุล
250    พิมพ์ครั้งที่ 1
260    กรุงเทพฯ :^bสมาคมเวชบำบัดวิกฤตแห่งประเทศไทย,^c2552
300    xv, 892 หน้า :^bภาพประกอบ ;^c27 ซม.
650  7 ภาวะฉุกเฉิน
650  7 เวชศาสตร์ฉุกเฉิน
653    ผลงานอาจารย์คณะแพทยศาสตร์ศิริราชพยาบาล
700 0  เอกรินทร์ ภูมิพิเชฐ,^eบรรณาธิการ
700 0  ไชยรัตน์ เพิ่มพิกุล,^eบรรณาธิการ
710 2  สมาคมเวชบำบัดวิกฤตแห่งประเทศไทย
945    ^p650^l0^i027372
995    ทศพร
999 ^a ใช้งานได้ทุกระบบ
รายการนี้ยังไม่มีแท็ก
คุณยังไม่ได้ล็อกอิน คุณสามารถมีกิจกรรมร่วมกับเว็บไซต์ได้ แต่ต้องล็อกอินก่อน ::
  ล็อกอิน

รายการสื่อสารสนเทศ

ลำดับที่ ประเภท เลขเรียก/บาร์โค้ด สถานที่ สถานะ
- ไม่พบข้อมูล -

รายการใกล้เคียง
    หัวเรื่อง [ภาวะฉุกเฉิน]
    หัวเรื่อง [เวชศาสตร์ฉุกเฉิน]

BibComment


ยังไม่เคยถูกคอมเมนท์

คอมเมนท์ทรัพยากรรายการนี้
  คอมเมนท์: Critical care to..


 Copyright 2026. Bcnsprnw @Library